Statistics for Most Visited U.S. States by Africans

Click here to take the quiz!

General Stats

  • This quiz has been taken 261 times
  • The average score is 8 of 10

Answer Stats

VisitsState% Correct
106,065New York
99%
41,170California
98%
44,840Florida
97%
60,329Texas
91%
26,590Georgia
81%
17,037Illinois
77%
19,211New Jersey
77%
24,682Massachusetts
75%
18,559Virginia
68%
30,419Maryland
65%

Score Distribution

Percentile by Number Answered

Percent of People with Each Score

Your Score History

You have not taken this quiz